[Event "Madrid ch 2022-2023 Semifinal"]
[Site "Madrid ESP"]
[Date "2023.05.04"]
[Round "2.21"]
[White "Sprenger de la Iglesia, Yevgeni"]
[Black "Baeza Escudero, Javier"]
[Result "1-0"]
[WhiteElo "1807"]
[BlackElo "1906"]
[PlyCount "145"]
[EventDate "2023.05.03"]
[EventType "swiss"]
[EventRounds "9"]
[EventCountry "ESP"]
[SourceTitle "Ajedrez en Madrid"]
[Source "lmi"]
[SourceDate "2023.05.03"]
[SourceVersion "1"]
[SourceVersionDate "2023.05.10"]
[SourceQuality "1"]

1. d4 g6 2. e4 Bg7 3. c4 d6 4. Nf3 Nd7 5. Nc3 e5 6. Be3 Ngf6 7. Qd2 O-O 8.
O-O-O exd4 9. Nxd4 Nc5 10. f3 Ne6 11. Nde2 a6 12. Kb1 Bd7 13. g4 b5 14. Ng3 Qb8
15. h4 b4 16. Nd5 Nxd5 17. cxd5 Nc5 18. Bh6 f6 19. Bxg7 Kxg7 20. Bg2 Bb5 21. h5
g5 22. Nf5+ Kh8 23. Ka1 b3 24. a3 Qe8 25. Qe3 Qe5 26. Qd4 Bd7 27. Qxe5 fxe5 28.
Ne3 Bb5 29. Nf5 Bd7 30. Ne3 Rab8 31. Rc1 Rb7 32. Rc3 Na4 33. Rd3 Nc5 34. Rd2 a5
35. Rc1 Rfb8 36. Nc4 Rg8 37. Nxe5 Nxe4 38. Rd4 Nf6 39. Nf7+ Kg7 40. Nxg5 Re8
41. Nh3 Nxh5 42. gxh5 Re2 43. Nf4 Rf2 44. Re4 Kf7 45. Re2 Rxe2 46. Nxe2 Kf6 47.
Nd4 Ke5 48. Nc6+ Kf4 49. Nxa5 Rb5 50. Nc6 Rxd5 51. Nb4 Rd2 52. Bf1 Kxf3 53. Bc4
Ba4 54. Rc3+ Ke4 55. Bxb3 Bxb3 56. Rxb3 Rh2 57. Na6 c5 58. Rb6 Ke5 59. Nc7 Rxh5
60. Nb5 d5 61. Rc6 c4 62. a4 c3 63. Nxc3 Rh1+ 64. Ka2 d4 65. Rc5+ Ke6 66. Ne4
Rh4 67. Nd2 Kd6 68. Rg5 Rh2 69. Nc4+ Kc6 70. a5 d3 71. a6 Rh4 72. a7 Kb7 73.
Ra5 1-0

[Event "Madrid ch 2022-2023 Semifinal"]
[Site "Madrid ESP"]
[Date "2023.05.04"]
[Round "2.22"]
[White "Lopez Herrero, Israel"]
[Black "Vazquez Gonzalez, Jesus"]
[Result "1-0"]
[WhiteElo "1792"]
[BlackElo "1905"]
[PlyCount "89"]
[EventDate "2023.05.03"]
[EventType "swiss"]
[EventRounds "9"]
[EventCountry "ESP"]
[SourceTitle "Ajedrez en Madrid"]
[Source "lmi"]
[SourceDate "2023.05.03"]
[SourceVersion "1"]
[SourceVersionDate "2023.05.10"]
[SourceQuality "1"]

1. e4 e6 2. d4 a6 3. c4 d5 4. Nc3 dxe4 5. Nxe4 Bb4+ 6. Nc3 Nc6 7. Nf3 Nf6 8. a3
Bxc3+ 9. bxc3 O-O 10. Bd3 h6 11. O-O b6 12. Rb1 Rb8 13. Ne5 Nxe5 14. dxe5 Nd7
15. Qe2 Nc5 16. Rd1 Qh4 17. Bc2 Rd8 18. Be3 Bb7 19. Rd4 Rxd4 20. cxd4 Ne4 21.
Rb3 Rd8 22. f3 Ng5 23. Bf2 Qh5 24. h4 Bxf3 25. gxf3 Nh3+ 26. Kh2 Nf4 27. Qe4 g5
28. c5 b5 29. c6 Nd5 30. Qg4 Qxg4 31. fxg4 f6 32. exf6 Nxf6 33. Kg3 Rd6 34.
hxg5 hxg5 35. Rc3 Nd5 36. Rc5 Kf7 37. Be4 Nf4 38. Rxg5 Ne2+ 39. Kh4 Nxd4 40.
Bg3 Rd8 41. Be5 a5 42. Rg7+ Kf8 43. Rh7 Ne2 44. Kg5 Rd2 45. Kf6 1-0

[Event "Madrid ch 2022-2023 Semifinal"]
[Site "Madrid ESP"]
[Date "2023.05.05"]
[Round "3.1"]
[White "Horcajuelo Rocamora, Martin"]
[Black "Fernandez Rosado, Roberto"]
[Result "0-1"]
[WhiteElo "2274"]
[BlackElo "2126"]
[PlyCount "100"]
[EventDate "2023.05.03"]
[EventType "swiss"]
[EventRounds "9"]
[EventCountry "ESP"]
[SourceTitle "Ajedrez en Madrid"]
[Source "lmi"]
[SourceDate "2023.05.03"]
[SourceVersion "1"]
[SourceVersionDate "2023.05.10"]
[SourceQuality "1"]

1. e4 e5 2. Nf3 Nc6 3. Bb5 a6 4. Ba4 Nf6 5. O-O Be7 6. Re1 b5 7. Bb3 O-O 8. c3
d5 9. exd5 Nxd5 10. Nxe5 Nxe5 11. Rxe5 c6 12. d4 Bd6 13. Re1 Qh4 14. g3 Qh3 15.
Be3 Bg4 16. Qd3 f5 17. f4 Kh8 18. Bxd5 cxd5 19. Nd2 Rfe8 20. Qf1 Qh5 21. Qg2
Rad8 22. a4 b4 23. c4 dxc4 24. Nxc4 Bf3 25. Qf2 Bb8 26. Rac1 h6 27. Ne5 Bxe5
28. dxe5 Be4 29. Bc5 Rd3 30. Re3 Rd1+ 31. Rxd1 Qxd1+ 32. Re1 Qxa4 33. Qd2 a5
34. Rc1 Qb3 35. Rf1 Rc8 36. Rc1 Qf3 37. e6 Qh1+ 38. Kf2 Qxh2+ 39. Ke1 Qh1+ 40.
Kf2 Qg2+ 41. Ke1 Rxc5 42. Rxc5 Qg1+ 43. Ke2 Qxc5 44. Qd8+ Kh7 45. e7 Qb5+ 46.
Ke3 Bc6 47. Qf8 Be8 48. g4 Qc5+ 49. Ke2 Qc4+ 50. Kd1 Qf7 0-1

[Event "Madrid ch 2022-2023 Semifinal"]
[Site "Madrid ESP"]
[Date "2023.05.05"]
[Round "3.2"]
[White "Rodriguez Avila, Alvaro"]
[Black "Rey Martinez, Jaime"]
[Result "0-1"]
[WhiteElo "2114"]
[BlackElo "2217"]
[PlyCount "62"]
[EventDate "2023.05.03"]
[EventType "swiss"]
[EventRounds "9"]
[EventCountry "ESP"]
[SourceTitle "Ajedrez en Madrid"]
[Source "lmi"]
[SourceDate "2023.05.03"]
[SourceVersion "1"]
[SourceVersionDate "2023.05.10"]
[SourceQuality "1"]

1. e4 c5 2. Nf3 a6 3. c4 Nc6 4. d4 cxd4 5. Nxd4 e5 6. Nf5 Nf6 7. Nc3 d5 8. cxd5
Bxf5 9. exf5 Nd4 10. Bd3 Be7 11. O-O O-O 12. Re1 Nxd5 13. Rxe5 Nxc3 14. bxc3
Bf6 15. Re1 Nb5 16. Bxb5 axb5 17. Qb3 Qd3 18. Ba3 Rfc8 19. Bb4 Qxf5 20. Rad1
Re8 21. g3 h5 22. Rxe8+ Rxe8 23. Qd5 Re5 24. Qxb7 h4 25. Ba5 h3 26. Bb6 g5 27.
Be3 Re4 28. Rf1 Kg7 29. Rc1 Qf3 30. Kf1 Qg2+ 31. Ke2 Rxe3+ 0-1

[Event "Madrid ch 2022-2023 Semifinal"]
[Site "Madrid ESP"]
[Date "2023.05.05"]
[Round "3.3"]
[White "Tenorio Garcia, Joel"]
[Black "Torres Boch, Jose Francisco"]
[Result "0-1"]
[WhiteElo "2100"]
[BlackElo "2139"]
[PlyCount "114"]
[EventDate "2023.05.03"]
[EventType "swiss"]
[EventRounds "9"]
[EventCountry "ESP"]
[SourceTitle "Ajedrez en Madrid"]
[Source "lmi"]
[SourceDate "2023.05.03"]
[SourceVersion "1"]
[SourceVersionDate "2023.05.10"]
[SourceQuality "1"]

1. e4 c5 2. Nf3 d6 3. d4 cxd4 4. Nxd4 Nf6 5. Nc3 a6 6. Bc4 e6 7. Bb3 Nbd7 8. f4
Nc5 9. f5 Be7 10. O-O O-O 11. fxe6 fxe6 12. Nf5 Nxb3 13. Nxe7+ Qxe7 14. axb3 h6
15. Qd3 Bd7 16. Bf4 e5 17. Bg3 Bc6 18. Bh4 Qe6 19. Bxf6 Rxf6 20. Rxf6 Qxf6 21.
Nd5 Bxd5 22. Qxd5+ Kh7 23. Rf1 Qg5 24. h3 Rc8 25. c3 Rc5 26. Qe6 Qg6 27. Qe7
Ra5 28. Rf8 Qg3 29. Rf1 Ra2 30. Qe6 Rxb2 31. Qf5+ Qg6 32. Qxg6+ Kxg6 33. b4 Rd2
34. Rf8 Rd3 35. Rb8 Rxc3 36. Rxb7 Rc4 37. Rb6 Rxe4 38. Rxd6+ Kf5 39. Rxa6 Rxb4
40. Ra7 g6 41. Kf2 h5 42. Rf7+ Ke4 43. Rg7 Rb2+ 44. Kg3 h4+ 45. Kxh4 Rxg2 46.
Rg8 Ke3 47. Re8 g5+ 48. Kh5 e4 49. Rg8 Kf2 50. Rf8+ Ke2 51. Re8 e3 52. Re7 Kf2
53. h4 gxh4 54. Kxh4 e2 55. Kh3 Rg3+ 56. Kh2 Rf3 57. Ra7 Rf6 0-1

[Event "Madrid ch 2022-2023 Semifinal"]
[Site "Madrid ESP"]
[Date "2023.05.05"]
[Round "3.4"]
[White "Moreno Lopez, Avelino"]
[Black "Martinez Fernandez, Raul"]
[Result "0-1"]
[WhiteElo "2008"]
[BlackElo "2190"]
[PlyCount "90"]
[EventDate "2023.05.03"]
[EventType "swiss"]
[EventRounds "9"]
[EventCountry "ESP"]
[SourceTitle "Ajedrez en Madrid"]
[Source "lmi"]
[SourceDate "2023.05.03"]
[SourceVersion "1"]
[SourceVersionDate "2023.05.10"]
[SourceQuality "1"]

1. d4 Nf6 2. c4 e6 3. Nf3 d5 4. Nc3 dxc4 5. a4 c5 6. e3 Nc6 7. Bxc4 Be7 8. O-O
O-O 9. dxc5 Bxc5 10. Qe2 b6 11. Rd1 Qc7 12. h3 a6 13. e4 Bb7 14. e5 Nd7 15. Bf4
Ne7 16. Ng5 Ng6 17. Qh5 h6 18. Nxe6 Bxf2+ 19. Kxf2 Qxc4 20. Rxd7 Nxf4 21. Nxf4
Qxf4+ 22. Kg1 Bc6 23. Rd6 Rac8 24. Rad1 b5 25. R1d4 Qe3+ 26. Kh2 Rfe8 27. Rg4
Qxe5+ 28. Qxe5 Rxe5 29. axb5 axb5 30. Rxh6 Bd7 31. Rg3 b4 32. Nd1 Be6 33. Nf2
Rc4 34. Rf6 Re2 35. Nd3 b3 36. Rff3 Bd5 37. Re3 Rd2 38. Kg1 Rcc2 39. Nf4 Bc4
40. Rg4 g6 41. Re8+ Kh7 42. Rc8 Be2 43. Rh4+ Kg7 44. Rb8 g5 45. Nh5+ Bxh5 0-1

[Event "Madrid ch 2022-2023 Semifinal"]
[Site "Madrid ESP"]
[Date "2023.05.05"]
[Round "3.5"]
[White "Centeno Mendoza, Julio Stefano"]
[Black "Nunez Miranda, Adrian"]
[Result "1/2-1/2"]
[WhiteElo "2148"]
[BlackElo "2127"]
[PlyCount "89"]
[EventDate "2023.05.03"]
[EventType "swiss"]
[EventRounds "9"]
[EventCountry "ESP"]
[SourceTitle "Ajedrez en Madrid"]
[Source "lmi"]
[SourceDate "2023.05.03"]
[SourceVersion "1"]
[SourceVersionDate "2023.05.10"]
[SourceQuality "1"]

1. e4 e6 2. d4 d5 3. e5 c5 4. c3 Qb6 5. Nf3 Nc6 6. a3 Nh6 7. b4 cxd4 8. cxd4
Nf5 9. Bb2 Bd7 10. g4 Nfe7 11. Nc3 h5 12. g5 Nf5 13. Na4 Qd8 14. Nc5 Bxc5 15.
dxc5 h4 16. h3 Nce7 17. Bd3 b6 18. Rc1 Rc8 19. Ba6 Rc7 20. Bd4 Nxd4 21. Nxd4
bxc5 22. bxc5 Ng6 23. c6 Bc8 24. Be2 Qxg5 25. Nb5 Qxe5 26. Nxc7+ Qxc7 27. Qd4
Qf4 28. Qc5 Ne5 29. Rg1 d4 30. c7 d3 31. Qb5+ Ke7 32. Rc5 dxe2 33. Rxe5 Qc1+
34. Kxe2 Qxg1 35. Qb4+ Kf6 36. Qf4+ Kg6 37. Qe4+ Kf6 38. Qf4+ Ke7 39. Qb4+ Kd7
40. Qd4+ Kxc7 41. Rc5+ Kb8 42. Rb5+ Kc7 43. Rc5+ Kb8 44. Rb5+ Kc7 45. Rc5+
1/2-1/2

[Event "Madrid ch 2022-2023 Semifinal"]
[Site "Madrid ESP"]
[Date "2023.05.05"]
[Round "3.6"]
[White "Luque Ibanes, Manuel"]
[Black "Ruiz Vazquez, Javier"]
[Result "1/2-1/2"]
[WhiteElo "2047"]
[BlackElo "1983"]
[PlyCount "120"]
[EventDate "2023.05.03"]
[EventType "swiss"]
[EventRounds "9"]
[EventCountry "ESP"]
[SourceTitle "Ajedrez en Madrid"]
[Source "lmi"]
[SourceDate "2023.05.03"]
[SourceVersion "1"]
[SourceVersionDate "2023.05.10"]
[SourceQuality "1"]

1. Nf3 d5 2. g3 g6 3. Bg2 Bg7 4. d4 c5 5. O-O cxd4 6. Nxd4 Nf6 7. c3 O-O 8. Bg5
Nbd7 9. Nd2 h6 10. Bxf6 Nxf6 11. Qb3 e5 12. N4f3 Qc7 13. Rfe1 Be6 14. Qb4 Rfd8
15. Rac1 a5 16. Qa4 b5 17. Qc2 Rac8 18. e4 dxe4 19. Nxe4 Nxe4 20. Qxe4 Bd5 21.
Qe3 Qb7 22. Nh4 Bxg2 23. Nxg2 Rd6 24. Qe2 Qd7 25. Red1 b4 26. Rxd6 Qxd6 27. c4
Rd8 28. Ne3 Qc5 29. b3 f5 30. Rd1 Rd4 31. Rxd4 Qxd4 32. Qd1 Kf7 33. Kf1 Ke6 34.
Qxd4 exd4 35. Nd5 g5 36. Ke2 Kd6 37. Kd3 Be5 38. f4 Bg7 39. fxg5 hxg5 40. h4 f4
41. hxg5 fxg3 42. Nf4 Ke5 43. Ne2 g2 44. Nxd4 g1=N 45. Nc6+ Kd6 46. Nxa5 Nf3
47. Nb7+ Kc6 48. Nd8+ Kd7 49. Nf7 Ke6 50. Nd8+ Kd7 51. Nf7 Ke7 52. Nh6 Ke6 53.
Ng4 Nxg5 54. Ne3 Nf3 55. Nd5 Ne5+ 56. Ke4 Nc6 57. Nf4+ Kd6 58. c5+ Kd7 59. Kd5
Bf8 60. Nd3 Bg7 1/2-1/2

[Event "Madrid ch 2022-2023 Semifinal"]
[Site "Madrid ESP"]
[Date "2023.05.05"]
[Round "3.7"]
[White "Ruiz Bellon, Manuel"]
[Black "De La Puerta Cresis, Javier"]
[Result "0-1"]
[WhiteElo "1944"]
[BlackElo "2138"]
[PlyCount "56"]
[EventDate "2023.05.03"]
[EventType "swiss"]
[EventRounds "9"]
[EventCountry "ESP"]
[SourceTitle "Ajedrez en Madrid"]
[Source "lmi"]
[SourceDate "2023.05.03"]
[SourceVersion "1"]
[SourceVersionDate "2023.05.10"]
[SourceQuality "1"]

1. Nf3 c5 2. g3 Nf6 3. Bg2 Nc6 4. b3 e5 5. d3 d5 6. O-O Bd6 7. c4 d4 8. e3 O-O
9. h3 h6 10. Na3 Re8 11. e4 a6 12. Nc2 b5 13. Nh4 Bf8 14. f4 exf4 15. gxf4 Nxe4
16. Bxe4 Rxe4 17. dxe4 Qxh4 18. Ne1 Bxh3 19. Ng2 Bxg2 20. Kxg2 bxc4 21. bxc4
Re8 22. e5 Re6 23. f5 Rxe5 24. Qf3 Qf6 25. Bd2 Ne7 26. Rae1 Rxf5 27. Qd3 Qc6+
28. Kg1 Qg6+ 0-1

[Event "Madrid ch 2022-2023 Semifinal"]
[Site "Madrid ESP"]
[Date "2023.05.05"]
[Round "3.8"]
[White "Torres Rebolledo, Alvaro"]
[Black "Lazaro Azcutia, Miguel"]
[Result "1-0"]
[WhiteElo "2082"]
[BlackElo "1953"]
[PlyCount "43"]
[EventDate "2023.05.03"]
[EventType "swiss"]
[EventRounds "9"]
[EventCountry "ESP"]
[SourceTitle "Ajedrez en Madrid"]
[Source "lmi"]
[SourceDate "2023.05.03"]
[SourceVersion "1"]
[SourceVersionDate "2023.05.10"]
[SourceQuality "1"]

1. e4 e5 2. Nf3 Nc6 3. Bc4 Bc5 4. c3 Nf6 5. d4 exd4 6. cxd4 Bb4+ 7. Nbd2 Bxd2+
8. Nxd2 Nxd4 9. e5 d5 10. exf6 dxc4 11. fxg7 Rg8 12. O-O Rxg7 13. Re1+ Be6 14.
Ne4 Nf5 15. Qa4+ c6 16. Bf4 Kf8 17. Rad1 Qb6 18. Be5 Rg6 19. Qa3+ Ne7 20. Bd6
Re8 21. Nc5 Qb5 22. Re5 1-0

[Event "Madrid ch 2022-2023 Semifinal"]
[Site "Madrid ESP"]
[Date "2023.05.05"]
[Round "3.9"]
[White "Moreno Torrero, Javier"]
[Black "Vioque Gonzalez, Nicolas"]
[Result "1/2-1/2"]
[WhiteElo "1910"]
[BlackElo "2081"]
[PlyCount "79"]
[EventDate "2023.05.03"]
[EventType "swiss"]
[EventRounds "9"]
[EventCountry "ESP"]
[SourceTitle "Ajedrez en Madrid"]
[Source "lmi"]
[SourceDate "2023.05.03"]
[SourceVersion "1"]
[SourceVersionDate "2023.05.10"]
[SourceQuality "1"]

1. d4 d5 2. c4 c6 3. Nc3 Nf6 4. Nf3 dxc4 5. a4 Na6 6. e3 Bg4 7. Bxc4 e6 8. h3
Bxf3 9. Qxf3 Nb4 10. O-O Be7 11. Bd2 O-O 12. Rfd1 Rc8 13. Ne4 Nxe4 14. Qxe4 Nd5
15. Qf3 a5 16. e4 Nb4 17. Bc3 Bf6 18. Rac1 Bg5 19. Rb1 Qd7 20. Qg4 Bh6 21. d5
cxd5 22. exd5 Qc7 23. Bb3 Nxd5 24. Bxd5 exd5 25. Rxd5 Qb6 26. Bxa5 Qb3 27. Rbd1
Rc1 28. Bc3 Qxd5 29. Rxc1 f5 30. Rd1 fxg4 31. Rxd5 g3 32. fxg3 Be3+ 33. Kh2 Rf1
34. g4 g5 35. Rd3 Bb6 36. a5 Ba7 37. g3 Rf2+ 38. Kh1 Rf1+ 39. Kg2 Rf2+ 40. Kh1
1/2-1/2

[Event "Madrid ch 2022-2023 Semifinal"]
[Site "Madrid ESP"]
[Date "2023.05.05"]
[Round "3.10"]
[White "Rodriguez Melendez, Juan Humbert"]
[Black "Marin Aso, Jose Luis"]
[Result "1-0"]
[WhiteElo "2069"]
[BlackElo "1864"]
[PlyCount "49"]
[EventDate "2023.05.03"]
[EventType "swiss"]
[EventRounds "9"]
[EventCountry "ESP"]
[SourceTitle "Ajedrez en Madrid"]
[Source "lmi"]
[SourceDate "2023.05.03"]
[SourceVersion "1"]
[SourceVersionDate "2023.05.10"]
[SourceQuality "1"]

1. d4 Nf6 2. c4 g6 3. g3 Bg7 4. Bg2 O-O 5. Nc3 d6 6. Nf3 Nc6 7. O-O a6 8. d5
Na5 9. b3 c5 10. Bb2 Rb8 11. Re1 b5 12. cxb5 axb5 13. e4 Bg4 14. Qc2 Qc8 15.
Nd1 Bh3 16. Bh1 Rd8 17. Ne3 Qa6 18. Rac1 Bh6 19. Rcd1 Rbc8 20. e5 dxe5 21. Nxe5
c4 22. b4 Nb7 23. Nc6 Re8 24. a3 Bg7 25. Ra1 1-0

[Event "Madrid ch 2022-2023 Semifinal"]
[Site "Madrid ESP"]
[Date "2023.05.05"]
[Round "3.11"]
[White "Carela Ferrer, Francisco Javier"]
[Black "Pastor Alonso De Prado, Alberto"]
[Result "1-0"]
[WhiteElo "1869"]
[BlackElo "2055"]
[PlyCount "163"]
[EventDate "2023.05.03"]
[EventType "swiss"]
[EventRounds "9"]
[EventCountry "ESP"]
[SourceTitle "Ajedrez en Madrid"]
[Source "lmi"]
[SourceDate "2023.05.03"]
[SourceVersion "1"]
[SourceVersionDate "2023.05.10"]
[SourceQuality "1"]

1. e4 c6 2. d4 d5 3. exd5 cxd5 4. c4 Nf6 5. Nc3 g6 6. Qb3 Bg7 7. cxd5 O-O 8.
Be2 Na6 9. Bf3 b6 10. d6 Rb8 11. Nge2 exd6 12. Bf4 b5 13. O-O Be6 14. Qa3 Rb6
15. Nxb5 Qd7 16. Nbc3 Nb4 17. Qa4 Qe7 18. b3 d5 19. a3 Nd3 20. b4 Rc8 21. Qb3
Nxf4 22. Nxf4 Qd6 23. Nxe6 fxe6 24. Na4 Rbb8 25. Nc5 Re8 26. Rfe1 Kh8 27. Rad1
Nd7 28. Qd3 a5 29. Bg4 axb4 30. axb4 Rxb4 31. Nxe6 Bf6 32. Qd2 Reb8 33. Ng5 Kg7
34. Ne6+ Kg8 35. Qh6 Nf8 36. h4 Re8 37. Nxf8 Rxf8 38. h5 Bg7 39. Qg5 gxh5 40.
Bxh5 h6 41. Qg4 Rf4 42. Re8+ Rf8 43. Rxf8+ Qxf8 44. Qe6+ Kh8 45. Qxd5 Rb2 46.
Bf3 Rb8 47. Qe4 Re8 48. Qg6 Rd8 49. Be4 Kg8 50. Qh7+ Kf7 51. Rd3 Rd6 52. Rf3+
Rf6 53. Bd5+ Ke7 54. Qe4+ Kd8 55. Rb3 Qd6 56. Re3 Kc7 57. Rc3+ Kd8 58. Bb7 Re6
59. Qb1 Ke7 60. Bf3 Bxd4 61. Rb3 Kf6 62. Bh5 Kg5 63. Bf3 Re5 64. Qc1+ Kg6 65.
Qc2+ Kf6 66. Qc1 Kg6 67. Rb1 Rc5 68. Qf1 Kf6 69. Qe2 Re5 70. Qa2 Qc5 71. Rd1
Re6 72. Qd2 Rd6 73. Qxh6+ Ke7 74. Qh4+ Kf8 75. Re1 Bf6 76. Qe4 Kg7 77. g3 Rd2
78. Re2 Rd4 79. Qb7+ Kh6 80. Qf7 Rd6 81. Kg2 Qb6 82. Re1 1-0

[Event "Madrid ch 2022-2023 Semifinal"]
[Site "Madrid ESP"]
[Date "2023.05.05"]
[Round "3.12"]
[White "Cardena Contreras, Javier"]
[Black "Barraza Caracuel, Ignacio"]
[Result "0-1"]
[WhiteElo "1819"]
[BlackElo "2042"]
[PlyCount "96"]
[EventDate "2023.05.03"]
[EventType "swiss"]
[EventRounds "9"]
[EventCountry "ESP"]
[SourceTitle "Ajedrez en Madrid"]
[Source "lmi"]
[SourceDate "2023.05.03"]
[SourceVersion "1"]
[SourceVersionDate "2023.05.10"]
[SourceQuality "1"]

1. e4 e5 2. Nf3 Nc6 3. d4 exd4 4. Bc4 Nf6 5. O-O Nxe4 6. Re1 d5 7. Bxd5 Qxd5 8.
Nc3 Qh5 9. Nxe4 Be6 10. Neg5 O-O-O 11. Nxe6 fxe6 12. Rxe6 Bd6 13. Qe2 d3 14.
Qe4 Nd4 15. cxd3 Nxe6 16. Qxe6+ Kb8 17. Be3 Rhf8 18. h3 Qb5 19. Qc4 Qxc4 20.
dxc4 Be7 21. Nd4 Rd7 22. Ne6 Rf7 23. Kf1 Bf6 24. Rb1 h6 25. Ke2 Rfe7 26. Nf4 c6
27. b3 Bd4 28. Ng6 Re8 29. Nf4 Bxe3 30. fxe3 Rde7 31. Kf2 Rxe3 32. Rb2 g5 33.
Ne2 Rd3 34. g3 Kc7 35. Rc2 Ree3 36. c5 a5 37. Rc4 Re5 38. Nd4 Rd2+ 39. Kf3 Rd3+
40. Kf2 Kd7 41. Nc2 Rf5+ 42. Ke2 Rxg3 43. Rd4+ Rd5 44. Rc4 Rxh3 45. b4 Rh2+ 46.
Ke3 Rh3+ 47. Ke2 Rh4 48. Rc3 axb4 0-1

[Event "Madrid ch 2022-2023 Semifinal"]
[Site "Madrid ESP"]
[Date "2023.05.05"]
[Round "3.13"]
[White "Martinez Garcia, Ruben"]
[Black "Fernandez Garcia, Ignacio"]
[Result "1-0"]
[WhiteElo "2030"]
[BlackElo "1840"]
[PlyCount "85"]
[EventDate "2023.05.03"]
[EventType "swiss"]
[EventRounds "9"]
[EventCountry "ESP"]
[SourceTitle "Ajedrez en Madrid"]
[Source "lmi"]
[SourceDate "2023.05.03"]
[SourceVersion "1"]
[SourceVersionDate "2023.05.10"]
[SourceQuality "1"]

1. e4 d6 2. d4 c6 3. Nf3 Nf6 4. Nc3 g6 5. Be2 Bg7 6. O-O O-O 7. h3 b5 8. e5 Ne8
9. a3 Na6 10. Bf4 Nec7 11. Bg3 Bf5 12. Bd3 Bxd3 13. Qxd3 dxe5 14. Bxe5 f6 15.
Bxc7 Nxc7 16. Qe4 Qd7 17. Rfe1 Rfe8 18. Rad1 e6 19. Qe2 Rad8 20. Ne4 Qf7 21. c4
a6 22. b3 g5 23. Qc2 h6 24. a4 bxa4 25. bxa4 f5 26. Nc5 g4 27. hxg4 fxg4 28.
Ne5 Bxe5 29. Rxe5 Qf6 30. Qe4 Kh8 31. Qxc6 Rf8 32. Ne4 Qg7 33. Qc5 Rd7 34. Rd2
Rfd8 35. g3 Qg6 36. d5 exd5 37. cxd5 Qg7 38. d6 Ne8 39. Re6 Rf7 40. d7 Nf6 41.
Nxf6 Rxf6 42. Re8+ Rf8 43. Qxf8+ 1-0

[Event "Madrid ch 2022-2023 Semifinal"]
[Site "Madrid ESP"]
[Date "2023.05.05"]
[Round "3.14"]
[White "Perdomo Araujo, Angel Eduardo"]
[Black "Lopez Herrero, Israel"]
[Result "1-0"]
[WhiteElo "2027"]
[BlackElo "1792"]
[PlyCount "63"]
[EventDate "2023.05.03"]
[EventType "swiss"]
[EventRounds "9"]
[EventCountry "ESP"]
[SourceTitle "Ajedrez en Madrid"]
[Source "lmi"]
[SourceDate "2023.05.03"]
[SourceVersion "1"]
[SourceVersionDate "2023.05.10"]
[SourceQuality "1"]

1. e4 c5 2. Nf3 e6 3. d4 cxd4 4. Nxd4 Nf6 5. Nc3 Nc6 6. Nxc6 bxc6 7. Bd3 d5 8.
O-O Bb4 9. e5 Nd7 10. Qg4 Bxc3 11. bxc3 g6 12. f4 Qa5 13. Bd2 Rb8 14. Qe2 Rb2
15. c4 Qb6+ 16. Kh1 dxc4 17. Bxc4 Rxc2 18. Bd3 Rb2 19. f5 gxf5 20. Bxf5 Qd4 21.
Rad1 Nc5 22. Qe1 Qd5 23. Bh3 Qe4 24. Qg3 Qg6 25. Qc3 Rc2 26. Qd4 Qd3 27. Bg5
Qxd4 28. Rxd4 Bd7 29. Rb1 O-O 30. Be7 Rc8 31. Rg4+ Kh8 32. Bf6# 1-0

[Event "Madrid ch 2022-2023 Semifinal"]
[Site "Madrid ESP"]
[Date "2023.05.05"]
[Round "3.15"]
[White "Estevez Sacristan, Deva"]
[Black "Sprenger de la Iglesia, Yevgeni"]
[Result "1-0"]
[WhiteElo "1978"]
[BlackElo "1807"]
[PlyCount "85"]
[EventDate "2023.05.03"]
[EventType "swiss"]
[EventRounds "9"]
[EventCountry "ESP"]
[SourceTitle "Ajedrez en Madrid"]
[Source "lmi"]
[SourceDate "2023.05.03"]
[SourceVersion "1"]
[SourceVersionDate "2023.05.10"]
[SourceQuality "1"]

1. e4 c5 2. Nc3 Nc6 3. Nf3 d6 4. d4 cxd4 5. Nxd4 Nf6 6. f3 e5 7. Nb3 Be6 8. Bg5
Be7 9. Qd2 h6 10. Be3 d5 11. exd5 Nxd5 12. Nxd5 Qxd5 13. Qxd5 Bxd5 14. O-O-O
O-O-O 15. Bb5 a6 16. Bd3 Kc7 17. c4 Be6 18. Nc5 Bxc5 19. Bxc5 Rd7 20. Be2 Nd4
21. Bxd4 Rxd4 22. Rxd4 exd4 23. Re1 Kd6 24. Kd2 Rc8 25. b3 Kc5 26. a3 a5 27.
Bd3 b6 28. Re5+ Kd6 29. f4 a4 30. Rb5 axb3 31. Rxb6+ Rc6 32. Rxb3 Bxc4 33. Rb4
Bxd3 34. Rxd4+ Ke6 35. Kxd3 Ra6 36. a4 Kf5 37. Kc3 g5 38. fxg5 hxg5 39. Kb4 Ke5
40. Rd2 Rb6+ 41. Kc5 Rb8 42. Re2+ Kf5 43. a5 1-0

[Event "Madrid ch 2022-2023 Semifinal"]
[Site "Madrid ESP"]
[Date "2023.05.05"]
[Round "3.16"]
[White "Blazquez Sanz, Oscar"]
[Black "Lozano Freras, Sergio"]
[Result "1/2-1/2"]
[WhiteElo "1800"]
[BlackElo "1971"]
[PlyCount "77"]
[EventDate "2023.05.03"]
[EventType "swiss"]
[EventRounds "9"]
[EventCountry "ESP"]
[SourceTitle "Ajedrez en Madrid"]
[Source "lmi"]
[SourceDate "2023.05.03"]
[SourceVersion "1"]
[SourceVersionDate "2023.05.10"]
[SourceQuality "1"]

1. e4 d6 2. d4 Nf6 3. Nc3 e5 4. dxe5 dxe5 5. Qxd8+ Kxd8 6. Bc4 Bb4 7. f3 Bxc3+
8. bxc3 Be6 9. Bxe6 fxe6 10. Nh3 h6 11. Ba3 Nbd7 12. O-O-O Kc8 13. Rd3 c5 14.
Nf2 Kc7 15. Rhd1 Rad8 16. Rd6 Rhe8 17. c4 Nb6 18. Bxc5 Nxc4 19. Rxd8 Rxd8 20.
Rxd8 Kxd8 21. Kd1 Nd7 22. Nd3 Kc7 23. Ke2 Kc6 24. Bb4 a5 25. Bc3 Kd6 26. f4 b6
27. Bxe5+ Ndxe5 28. fxe5+ Nxe5 29. Nxe5 Kxe5 30. Ke3 b5 31. c3 Kd6 32. Kd4 e5+
33. Kd3 Kc5 34. a3 g6 35. g3 h5 36. h4 a4 37. Kd2 Kd6 38. Kd3 Kc5 39. Kd2
1/2-1/2

[Event "Madrid ch 2022-2023 Semifinal"]
[Site "Madrid ESP"]
[Date "2023.05.05"]
[Round "3.17"]
[White "Feal Albala, Alonso"]
[Black "Mota Cossio, Alberto"]
[Result "1-0"]
[WhiteElo "1959"]
[BlackElo "2087"]
[PlyCount "89"]
[EventDate "2023.05.03"]
[EventType "swiss"]
[EventRounds "9"]
[EventCountry "ESP"]
[SourceTitle "Ajedrez en Madrid"]
[Source "lmi"]
[SourceDate "2023.05.03"]
[SourceVersion "1"]
[SourceVersionDate "2023.05.10"]
[SourceQuality "1"]

1. e4 c5 2. Nf3 e6 3. d4 cxd4 4. Nxd4 a6 5. Nc3 Qc7 6. Bd3 Nf6 7. O-O Be7 8.
Nb3 O-O 9. f4 d6 10. Qf3 Nbd7 11. a4 b6 12. Bd2 Bb7 13. Rae1 Rfe8 14. Qh3 d5
15. e5 Ne4 16. Nxe4 dxe4 17. Rxe4 g6 18. Re2 Rad8 19. Be3 Qc6 20. a5 Bb4 21.
axb6 Nxb6 22. Bf2 Nd5 23. Bh4 Rd7 24. Kh1 Qb6 25. Bf6 Be7 26. Bxe7 Nxe7 27. Nd2
Qxb2 28. Nc4 Qc3 29. Nd6 Ra8 30. Nxf7 Qc6 31. Ng5 Nd5 32. Qxe6+ Qxe6 33. Nxe6
Rc8 34. Ng5 Nc3 35. Ree1 h6 36. Nf3 Kg7 37. Nh4 Rc6 38. e6 Re7 39. f5 Nd5 40.
Nxg6 Re8 41. Ne5 Rb6 42. Nd7 Rd6 43. f6+ Nxf6 44. Nxf6 Rexe6 45. Ne8+ 1-0